000 01375nam a2200373 i 4500
001 193480
003 SpMaBN
005 20260209163308.0
007 ta
008 240102s2014 sp | |||| 000 0 spa
017 _aPO 742-2014
_bOficina Depósito Legal Pontevedra
035 _a(OCoLC)913145110
035 _aa5653490
040 _aSpMaBN
_bspa
_cSpMaBN
_erdc
_dES-MaACL
080 _a929 Bazán de Mendoza, Pedro
080 _a930.85(460.11)"18"
080 _a94(460)"1808/14"
100 _aViana Martínez, Víctor
_0XX1073190
_9234771
245 1 0 _aBazán de Mendoza :
_bun afrancesado gallego /
_c[Víctor Viana].
260 _a[S.l.] :
_bV. Viana,
_c2014
_f(Imp. Fidalgo)
300 _a223 p. ;
_c24 cm
336 _aTexto (visual)
_2isbdcontent
337 _asin mediación
_2isbdmedia
338 _2rdacarrier
_avolumen
504 _aBibliografía: p. 205-223
600 0 _aBazán de Mendoza, Pedro,
_d1758-1835
_9234772
650 0 _aAfrancesados-
_zGalicia
_9234773
651 4 _aEspaña-
_xHistoria-
_y1808-1814, Guerra de la Independencia
_98244
852 _aES-MaACL
_bR.154896
_cDEPOJ
_9200958
_jN-9652
_hDonación: editorial
_xEncuadernación rústica
942 _n0
_cMONOGRAFIA
999 _c193480
_d193480